| 000 | 00420cam a2200157 a 4500 | ||
|---|---|---|---|
| 020 | _a2218038811 | ||
| 020 | _a2218051249 | ||
| 040 | _cDLC | ||
| 082 | _a501 AUP 1992 A028 Or. | ||
| 100 | 1 | _aM'Bokolo, Elikia | |
| 245 | 1 | 0 | _aAfrique noire, histoire et civilisations / |
| 260 |
_aParis : _bHatier : _bAUPELF-UREF, _cc1992-c1995 |
||
| 300 |
_a2 v. : _bill., maps ; _c26 cm |
||
| 700 | 1 | _aLe Callennec, Sophie | |
| 942 | _cEK | ||
| 999 |
_c12766 _d12766 |
||